| 000 | 00659nam a2200145Ia 4500 | ||
|---|---|---|---|
| 008 | 171212s9999 xx 000 0 und d | ||
| 020 | _a9780874214284 | ||
| 100 | _aBarney, Ronald | ||
| 245 |
_cBarney, Ronald _aOne Side By Himself |
||
| 260 |
_bUniversity Press of Colorado _c2001 |
||
| 440 | _aWestern Experience Series | ||
| 650 | _aHistory | ||
| 650 | _aMormon pioneers -- West (U.S.) -- Biography; Mormon pioneers -- Utah -- Biography; Frontier and pioneer life -- West (U.S.); Frontier and pioneer life -- Utah; Mormon Church -- History -- 19th century; West (U.S.) -- Biography; Utah -- Biography | ||
| 856 | _uwww.jstor.org/stable/10.2307/j.ctt46nz1g | ||
| 999 |
_c353134 _d353134 |
||